header

Nero (Record no. 28189)

MARC details
000 -LEADER
fixed length control field 01349nam a2200325Ia 4500
100 1# - MAIN ENTRY--AUTHOR NAME
Personal name Griffin, Miriam T.
245 10 - TITLE STATEMENT
Title Nero
250 ## - EDITION STATEMENT
Edition statement 2nd pbk ed.
260 ## - PUBLICATION, DISTRIBUTION, ETC. (IMPRINT)
Place of publication London ;
-- New York :
Name of publisher Routledge,
Year of publication 1984.
300 ## - PHYSICAL DESCRIPTION
Number of Pages 320 p. :
Other physical details ill.
500 ## - GENERAL NOTE
General note Originally published: London : B.T. Batsford, Ltd., 1984.
General note Preface to second paperback ed. p. 10; supplementary bibliography p. 11.
650 #0 - SUBJECT ADDED ENTRY--TOPICAL TERM
Topical Term Emperors
856 40 - ELECTRONIC LOCATION AND ACCESS
Uniform Resource Identifier http://site.ebrary.com/lib/rucke/Doc?id=10017847

No items available.

© 2026 Rongo University
Contact us: librarian | system librarian | Rongo university